Temporal variability of climatic parameters and potential evapotranspiration (Record no. 70370)
[ view plain ]
| 000 -LEADER | |
|---|---|
| fixed length control field | 01675nam a2200241Ia 4500 |
| 100 ## - MAIN ENTRY--AUTHOR NAME | |
| Personal name | Patle GT |
| 245 #0 - TITLE STATEMENT | |
| Title | Temporal variability of climatic parameters and potential evapotranspiration |
| 260 ## - PUBLICATION, DISTRIBUTION, ETC. (IMPRINT) | |
| Name of publisher | Indian Journal of Agricultural Sciences |
| Year of publication | 2013 |
| 300 ## - PHYSICAL DESCRIPTION | |
| Number of Pages | 518-524 |
| 520 ## - SUMMARY, ETC. | |
| Summary, etc | A study was undertaken to evaluate the temporal variability in climatic parameters and potential evapotranspiration (PET) of reference crop. Time series data (1981-2011) of mean daily minimum and maximum temperature, mean daily temperature, relative humidity, wind speed and sunshine hours were analysed using Mann-Kendall test and Sens slope estimator to establish the trend. The CROPWAT model was used to estimate the PET. Minimum temperature, mean daily temperature, relative humidity and wind showed increasing trend, whereas sunshine hour and ET had decreasing trend. results revealed that mean daily minimum and mean daily temperature increased by 0.02dC/year and 0.01dC/year, respectively. Mean daily maximum temperature remained constant over the period as indicated by the Sens slope.Mean daily relative humidity and wind speed increased by 0.11;per year and 0.57;km/year during 1981-2011. Mean daily sunshine hours and reference evapotranspiration decreased by 0.06 hour/year and 0.01 mm/year, respectively during 1981-2011. |
| 650 ## - SUBJECT ADDED ENTRY--TOPICAL TERM | |
| Topical Term | Climate change |
| 650 ## - SUBJECT ADDED ENTRY--TOPICAL TERM | |
| Topical Term | Evapotranspiration |
| 650 ## - SUBJECT ADDED ENTRY--TOPICAL TERM | |
| Topical Term | Mann-Kendall test |
| 650 ## - SUBJECT ADDED ENTRY--TOPICAL TERM | |
| Topical Term | Sens estimator |
| 650 ## - SUBJECT ADDED ENTRY--TOPICAL TERM | |
| Topical Term | Trend analysis |
| 700 ## - ADDED ENTRY--PERSONAL NAME | |
| Personal name | Khanna Manoj |
| 700 ## - ADDED ENTRY--PERSONAL NAME | |
| Personal name | Rai Anil |
| 700 ## - ADDED ENTRY--PERSONAL NAME | |
| Personal name | Sahoo RN |
| 700 ## - ADDED ENTRY--PERSONAL NAME | |
| Personal name | Sarangi A |
| 700 ## - ADDED ENTRY--PERSONAL NAME | |
| Personal name | Singh DK |
| 942 ## - ADDED ENTRY ELEMENTS (KOHA) | |
| Koha item type | Journals |
| Withdrawn status | Lost status | Damaged status | Not for loan | Home library | Current library | Shelving location | Date acquired | Serial Enumeration / chronology | Koha item type |
|---|---|---|---|---|---|---|---|---|---|
| Journals | RRII Library | RRII Library | Climate change | 19/08/2013 | Volume 83, Issue 5 | Journals |